LEADER 00964nam a2200253 i 4500 001 000000248224 003 CaOOAMICUS 005 20160307000000.0 008 160307s1963 it u000 u mul u 013 $a227129 040 $aSeMil$bita 100 1 $aJouve, Pierre Jean.$0(OLS)http://semarc/name/57954 245 10$aPoesie /$cPierre Jean Jouve ; traduzione, introduzione, bio-bibliografia di Nelo Risi. 260 $aMilano :$bLerici,$ccopyr. 1963. 300 $a339 p. :$bill. ;$c23 cm. 490 0 $aPoeti europei ;$v12 500 $aIn custodia. 700 1 $aRisi, Nelo <1920-2015>.$0(OLS)http://semarc/name/19942 830 0$aPoeti europei ;$v12.$0(OLS)http://semarc/title/13819 850 $aSeMil 852 $aSeMil$W1$xVenegono$y1$m1V V 199$j198570$B198570$CSeMilBibl$Z2$F210081 $81 961 $aLascito: Calori don Carlo 996 $6245$aPoesie$9(OLS)http://semarc/title/2285 996 $6260$aMilano :$bLerici$9(OLS)http://semarc/publisher/32725 LEADER 00554nab a2200145 i 4500 001 000000288039 003 CaOOAMICUS 005 20150918000000.0 008 150918n xx uu u0 0und r 013 $a42053 040 $aSeMil$bita 245 13$aLa battaglia del Senato. - 16 p. - Titolo principale dalla prima pagina. 500 $a20 settembre 2015. 773 0 $t[2015 : Luglio-Dicembre].$dBologna : Centro Editoriale Dehoniano, 2015.$w()243711 996 $6245$aLa battaglia del Senato. - 16 p. - Titolo principale dalla prima pagina.$9(OLS)http://semarc/title/368064